[Event "I Miedzynarodowy Memorial Ireny Warakomskiej - Open A"]
[Site "Suwalki"]
[Date "2017-08-16"]
[Round "7.29"]
[White "Dzierzak, Radoslaw "]
[Black "Jakubiec, Edyta"]
[Result "0-1"]
[WhiteTitle ""]
[BlackTitle ""]
[WhiteElo "2276"]
[BlackElo "2212"]

1. e4 c5 2. Nf3 d6 3. d4 cxd4 4. Nxd4 Nf6 5. Nc3 a6 6. Nb3 Nc6 7. Be3 e6 8. g4
h6 9. Bg2 Ne5 10. h3 Nc4 11. Qe2 Qc7 12. O-O-O Bd7 13. Kb1 Rc8 14. Bc1 b5 15.
f4 b4 16. Nd5 exd5 17. exd5+ Be7 18. Bf3 Bb5 19. Qg2 g6 20. Nd4 Nh7 21. h4 Nf6
22. h5 gxh5 23. g5 hxg5 24. fxg5 Rg8 25. Nf5 Ng4 26. Rxh5 Nge5 27. Be4 Kd8 28.
Rh7 Be8 29. Nh6 Rf8 30. g6 fxg6 31. Rxe7 Qxe7 32. Bg5 Rf6 33. Ng8 Qb7 34. Nxf6
Kc7 35. Rh1 Kb8 36. Rh7 Qb6 37. Bc1 Ba4 38. Rh3 Qd4 39. Qe2 Bb5 40. Qe1 a5 41.
c3 bxc3 42. Rxc3 Kb7 43. Rh3 Rf8 44. a4 Bxa4 45. Nh7 Rf2 46. Rc3 Nd2+ 47. Bxd2
Rxd2 48. Qe3 Qxe3 49. Rxe3 Rxb2+ 50. Kxb2 Nc4+ 51. Kc3 Nxe3 52. Bxg6 Nxd5+ 53.
Kd4 Ne7 54. Be4+ Kb6 55. Nf6 Bc6 56. Bb1 Bg2 57. Ba2 Nc6+ 58. Kc3 Nb4 59. Bb3
Kc5 60. Nd7+ Kb5 61. Bc4+ Kc6 62. Nf6 d5 63. Be2 Kc5 64. Nd7+ Kd6 65. Nb6 Kc5
66. Na4+ Kd6 67. Nb2 Bh3 68. Nd3 Nc6 69. Bd1 Bf5 70. Nb2 Kc5 71. Ba4 d4+ 72. Kd2
Ne5 73. Bd1 Kb4 74. Kc1 Bd7 75. Bc2 Bb5 76. Bb1 a4 77. Bc2 a3 78. Kb1 axb2 79.
Kxb2 Bd3 80. Bd1 Nc4+ 81. Kc1 Kc3 82. Bh5 Nd2 83. Kd1 Be4 84. Be8 Bf3+ 85. Ke1
Be4 86. Kd1 Nb3 87. Bb5 Bd3 88. Be8 Bc2+ 89. Ke2 d3+ 90. Ke3 Nd4 91. Bg6 d2 92.
Bh5 Bg6 93. Bd1 Nc2+ 94. Kf2 Be4 95. Bh5 Nd4 96. Bd1 Bf3 97. Bxf3 Nxf3 98. Ke2
Kb2 0-1

[Event "I Miedzynarodowy Memorial Ireny Warakomskiej - Open A"]
[Site "Suwalki"]
[Date "2017-08-16"]
[Round "7.30"]
[White "Chinguun, Sumiya "]
[Black "Polok, Kacper"]
[Result "1/2-1/2"]
[WhiteTitle ""]
[BlackTitle ""]
[WhiteElo "2120"]
[BlackElo "2249"]

1. e4 e6 2. d4 d5 3. Nc3 Nf6 4. Bg5 Bb4 5. e5 h6 6. Bd2 Bxc3 7. bxc3 Ne4 8. Qg4
Kf8 9. Bd3 Nxd2 10. Kxd2 c5 11. h4 Nc6 12. Rh3 c4 13. Bf1 b5 14. a3 a5 15. Rf3
Rb8 16. Nh3 b4 17. axb4 axb4 18. cxb4 Rxb4 19. Qh5 c3+ 20. Rxc3 Rxd4+ 21. Bd3
Rxh4 22. Qe2 Qb6 23. Rb3 Rb4 24. Rba3 Bb7 25. f4 Ke7 26. Qe3 Qxe3+ 27. Kxe3 f6
28. exf6+ gxf6 29. c3 Rb6 30. Nf2 e5 31. fxe5 fxe5 32. Rh1 Rg8 33. g4 Nd8 34.
Rh5 Nf7 35. Ra7 Ra8 36. Rxa8 Bxa8 37. Nh3 Rb3 38. Kd2 Rb2+ 39. Bc2 d4 40. Nf2
Ng5 41. cxd4 exd4 42. Rxh6 Ne4+ 43. Kc1 Rxc2+ 44. Kxc2 Nxf2 45. Rh2 Be4+ 46. Kd2
Nxg4 47. Re2 Nf6 48. Rxe4+ 1/2-1/2

[Event "I Miedzynarodowy Memorial Ireny Warakomskiej - Open A"]
[Site "Suwalki"]
[Date "2017-08-16"]
[Round "7.31"]
[White "Scripcaru, George-daniel "]
[Black "Krzywda, Andrzej "]
[Result "0-1"]
[WhiteTitle ""]
[BlackTitle ""]
[WhiteElo "2247"]
[BlackElo "2173"]

1. d4 Nf6 2. c4 e6 3. Nc3 Bb4 4. e3 O-O 5. Nge2 Re8 6. a3 Bf8 7. d5 a5 8. Ng3 Na6
9. Be2 Nc5 10. O-O a4 11. Rb1 d6 12. Qc2 g6 13. e4 e5 14. Be3 h5 15. Rfd1 Be7
16. Nf1 Nfxe4 17. Nxe4 Nxe4 18. Bxh5 gxh5 19. Qxe4 f5 20. Qc2 h4 21. f4 Bf6 22.
Qf2 Qe7 23. Re1 Qg7 24. Bd2 Bd7 25. Bc3 Re7 26. Nd2 Rae8 27. Re2 b6 28. h3 Qh6
29. Rbe1 Qxf4 30. Qxf4 exf4 31. Rxe7 Rxe7 32. Rxe7 Bxe7 33. Kf2 Kf7 34. Kf3 Kg6
35. Bd4 b5 36. Nb1 bxc4 37. Nc3 c6 38. Ne2 cxd5 39. Nxf4+ Kf7 40. Ne2 Bg5 41.
Nf4 Bc6 42. g3 hxg3 43. Kxg3 Bf6 44. Ne2 Be5+ 45. Kf3 Kg6 46. Ke3 Kg5 47. Kf3
Kh4 48. Kg2 Bb7 49. Bf2+ Kg5 50. Be3+ f4 51. Bd4 Bc8 52. Bc3 Bf5 53. Nd4 Be4+
54. Kf2 Kh4 55. Ne6 d4 56. Nxd4 Kxh3 57. Ne6 Kg4 0-1

[Event "I Miedzynarodowy Memorial Ireny Warakomskiej - Open A"]
[Site "Suwalki"]
[Date "2017-08-16"]
[Round "7.32"]
[White "Okrucinski, Tadeusz"]
[Black "Kumala, Aleksander "]
[Result "1/2-1/2"]
[WhiteTitle ""]
[BlackTitle ""]
[WhiteElo "2244"]
[BlackElo "2189"]

1. d4 Nf6 2. c4 e6 3. Nf3 d5 4. Bg5 Be7 5. e3 O-O 6. Nc3 a6 7. Bd3 dxc4 8. Bxc4
b5 9. Be2 Bb7 10. O-O b4 11. Na4 Ne4 12. Bxe7 Qxe7 13. Rc1 Rc8 14. Ne5 f6 15.
Nd3 Nd7 16. f3 Nd6 17. Nac5 Nxc5 18. dxc5 Nf5 19. c6 Bxc6 20. Rxc6 Nxe3 21. Qb3
Nxf1 22. Kxf1 a5 23. Rxe6 Qf7 24. Rc6 Qxb3 25. axb3 a4 26. bxa4 Rxa4 27. Nc5 Ra1+
28. Kf2 Rc1 29. b3 Rc2 30. Kf1 Rc1+ 31. Kf2 Rc2 32. Kf1 Rc1+ 1/2-1/2

[Event "I Miedzynarodowy Memorial Ireny Warakomskiej - Open A"]
[Site "Suwalki"]
[Date "2017-08-16"]
[Round "7.33"]
[White "Chojnowski, Marcin "]
[Black "Teglas, Balazs "]
[Result "1-0"]
[WhiteTitle ""]
[BlackTitle ""]
[WhiteElo "2070"]
[BlackElo "2238"]

1. d4 g6 2. e4 Bg7 3. Nf3 c5 4. dxc5 Qa5+ 5. c3 Qxc5 6. Na3 d6 7. Nb5 a6 8. Be3
Qc6 9. Na7 Qc7 10. Nxc8 Qxc8 11. Qb3 Nf6 12. e5 dxe5 13. Nxe5 O-O 14. Nxf7 Rxf7
15. Bc4 Qe8 16. Qxb7 Nc6 17. Bxf7+ Kxf7 18. O-O a5 19. Qb3+ e6 20. Rad1 Rb8 21.
Qc2 Nd5 22. Rfe1 Kg8 23. Bc1 Qf7 24. Qe4 Be5 25. f4 1-0

[Event "I Miedzynarodowy Memorial Ireny Warakomskiej - Open A"]
[Site "Suwalki"]
[Date "2017-08-16"]
[Round "7.34"]
[White "Zakrzewski, Marek"]
[Black "Ocytko, Andrzej"]
[Result "1-0"]
[WhiteTitle ""]
[BlackTitle ""]
[WhiteElo "2237"]
[BlackElo "2127"]

1. e4 e5 2. Nf3 Nc6 3. d4 exd4 4. Nxd4 Bb4+ 5. c3 Be7 6. Bd3 Bf6 7. Nxc6 bxc6 8.
O-O Ne7 9. f4 Ng6 10. e5 Be7 11. Nd2 d6 12. e6 fxe6 13. Qh5 O-O 14. Nf3 Bd7 15.
Bd2 Be8 16. Rae1 Bf6 17. Rxe6 Bf7 18. Re2 Re8 19. Rfe1 Rxe2 20. Rxe2 Nf8 21. Qa5
Nd7 22. Be4 d5 23. Bf5 Nb6 24. b3 Qd6 25. Ne5 Re8 26. Nxf7 Kxf7 27. Rxe8 Kxe8
28. Bxh7 d4 29. c4 c5 30. Bd3 Nc8 31. Qa3 Kf7 32. Qc1 Ne7 33. Qd1 a5 34. g3 Nc6
35. a3 Ne7 36. Bxa5 Qa6 37. Qh5+ 1-0

[Event "I Miedzynarodowy Memorial Ireny Warakomskiej - Open A"]
[Site "Suwalki"]
[Date "2017-08-16"]
[Round "7.35"]
[White "Sliwicki, Damian "]
[Black "Jaroch, Karol"]
[Result "0-1"]
[WhiteTitle ""]
[BlackTitle ""]
[WhiteElo "2136"]
[BlackElo "2235"]

1. c4 e6 2. Nc3 b6 3. e4 Bb7 4. d4 Bb4 5. d5 Bxc3+ 6. bxc3 Qe7 7. Be2 d6 8. Nf3
Nf6 9. Qa4+ Nbd7 10. e5 Ne4 11. exd6 cxd6 12. Bb2 O-O 13. O-O Ndc5 14. Qd1 e5
15. Nd2 f5 16. Nxe4 Nxe4 17. c5 Nxc5 18. c4 Ba6 19. Kh1 Rac8 20. Rc1 Rc7 21. f4
e4 22. Rc3 Rf6 23. Ra3 Rg6 24. Bh5 Rh6 25. Rg3 Qf8 26. Be2 Nb7 27. Qd4 Na5 28.
Rc1 Rg6 29. Re3 Qe7 30. Rec3 Qh4 31. Rf1 Qf6 32. Qd2 Qd8 33. Qd4 Nb7 34. Bh5 Rh6
35. Rh3 Qe7 36. Rc1 Kf8 37. Rcc3 Na5 38. Be2 Rxh3 39. Rxh3 Bxc4 40. Qd1 Kg8 41.
Bxc4 Nxc4 42. Bxg7 Kxg7 43. Rg3+ Kf8 44. Qg1 Ne5 45. fxe5 Qxe5 46. Qf1 e3 47.
Rg5 e2 48. Rxf5+ Kg7 49. Rxe5 exf1=Q# 0-1

[Event "I Miedzynarodowy Memorial Ireny Warakomskiej - Open A"]
[Site "Suwalki"]
[Date "2017-08-16"]
[Round "7.36"]
[White "Mucha, Piotr "]
[Black "Dmochowska, Agnieszka"]
[Result "1-0"]
[WhiteTitle ""]
[BlackTitle ""]
[WhiteElo "2155"]
[BlackElo "2234"]

1. e4 e6 2. Qe2 c5 3. Nf3 Nc6 4. g3 Nge7 5. Bg2 g6 6. O-O Bg7 7. e5 Qc7 8. Re1
g5 9. Nc3 a6 10. Ne4 Nxe5 11. Nxe5 Qxe5 12. d4 cxd4 13. Bxg5 Nd5 14. Qc4 Qb8 15.
Qxd5 O-O 16. Qc5 f6 17. Bf4 e5 18. Qd5+ Kh8 19. Nd6 h5 20. Nf7+ Kh7 21. Be4+ 1-0

[Event "I Miedzynarodowy Memorial Ireny Warakomskiej - Open A"]
[Site "Suwalki"]
[Date "2017-08-16"]
[Round "7.37"]
[White "Dzhuguryan, Tygran "]
[Black "Stanisz, Patryk"]
[Result "1-0"]
[WhiteTitle ""]
[BlackTitle ""]
[WhiteElo "2230"]
[BlackElo "2100"]

1. Nf3 f5 2. d4 Nf6 3. g3 g6 4. Bg2 d6 5. c4 Bg7 6. O-O O-O 7. Nc3 c6 8. d5 e5
9. dxe6 Bxe6 10. b3 Na6 11. Ng5 Qe7 12. Bb2 Bc8 13. Qc2 h6 14. Nf3 g5 15. Rad1
Nc5 16. Nd4 Ng4 17. b4 Na6 18. b5 cxb5 19. Nd5 Qf7 20. Nxb5 Rd8 21. Ba3 Bf8 22.
Qc3 Be6 23. Bb2 Bg7 24. Qxg7+ Qxg7 25. Bxg7 Kxg7 26. Ndc7 Bxc4 27. Nxa8 Bxb5 28.
Bxb7 Bxe2 29. Bxa6 Bxf1 30. Nc7 Bxa6 31. Ne6+ Kf6 32. Nxd8 Bc4 33. a3 d5 34. Nc6
a6 35. Re1 h5 36. f3 Nh6 37. Nd4 f4 38. Re6+ Kg7 39. gxf4 gxf4 40. Rc6 h4 41.
Kg2 Nf7 42. Kh3 Ne5 43. Re6 Ng6 44. Kg4 Kf7 45. Kg5 Nf8 46. Rc6 h3 47. Rc7+ Ke8
48. Kxf4 Nd7 49. Kf5 Ke7 50. f4 Bd3+ 51. Kg5 Kd8 52. Rc6 Ke7 53. f5 Nf8 54. Rb6
Kd7 55. Rb8 Ke7 56. f6+ Kf7 57. Rb7+ Kg8 58. Kh6 1-0

[Event "I Miedzynarodowy Memorial Ireny Warakomskiej - Open A"]
[Site "Suwalki"]
[Date "2017-08-16"]
[Round "7.38"]
[White "Walkusz, Witoslaw"]
[Black "Kyrychenko, Maryan "]
[Result "1/2-1/2"]
[WhiteTitle ""]
[BlackTitle ""]
[WhiteElo "2115"]
[BlackElo "2219"]

1. c4 b6 2. Nc3 Bb7 3. e4 e6 4. Nf3 Bb4 5. Bd3 Ne7 6. e5 d5 7. exd6 Bxd6 8. Be4
Bxe4 9. Nxe4 c5 10. d4 cxd4 11. Nxd6+ Qxd6 12. Qxd4 Qxd4 13. Nxd4 Nbc6 1/2-1/2

[Event "I Miedzynarodowy Memorial Ireny Warakomskiej - Open A"]
[Site "Suwalki"]
[Date "2017-08-16"]
[Round "7.39"]
[White "Tomaszewski, Kacper"]
[Black "Mokal, Amruta Sunil"]
[Result "1-0"]
[WhiteTitle ""]
[BlackTitle ""]
[WhiteElo "2203"]
[BlackElo "2047"]

1. d4 Nf6 2. c4 e6 3. Nf3 Bb4+ 4. Nbd2 O-O 5. e3 d5 6. a3 Be7 7. b4 b6 8. Bb2 c5
9. dxc5 bxc5 10. bxc5 Bxc5 11. Qc2 Nbd7 12. cxd5 exd5 13. Bd3 Bb7 14. Rb1 Bb6
15. O-O Rc8 16. Qd1 Ne4 17. Rc1 Ndc5 18. Be2 f5 19. g3 Rc6 20. Nxe4 fxe4 21. Ne5
Rh6 22. a4 Nd7 23. Nxd7 Qxd7 24. Bg4 Qf7 25. Qd2 Ba6 26. a5 Bxf1 27. axb6 Bc4
28. bxa7 Qxa7 29. Be5 Qe7 30. Bc3 Qg5 31. h3 Ra6 32. Qd4 Ra2 33. Bb2 Qf6 34. Be6+
Kh8 35. Qxf6 gxf6 36. Bd4 Kg7 37. Rb1 Kg6 38. g4 h5 39. Rb7 hxg4 40. hxg4 Rh8
41. Bf5+ Kh6 42. Bxf6 Rha8 43. Be5 Kg5 44. Rg7+ Kh6 45. Rg6+ Kh7 46. Rg5+ 1-0

[Event "I Miedzynarodowy Memorial Ireny Warakomskiej - Open A"]
[Site "Suwalki"]
[Date "2017-08-16"]
[Round "7.42"]
[White "Zaika, Daniil"]
[Black "Zgadzaj, Rafal "]
[Result "1-0"]
[WhiteTitle ""]
[BlackTitle ""]
[WhiteElo "2101"]
[BlackElo "2147"]

1. d4 g6 2. c4 Bg7 3. e4 d6 4. Nc3 Nf6 5. Be2 O-O 6. Bg5 h6 7. Be3 e5 8. d5 a5
9. Qd2 Kh7 10. h4 Ng4 11. Bxg4 Bxg4 12. f3 Bd7 13. h5 g5 14. g4 Na6 15. Nge2 Qb8
16. Nb5 Nc5 17. O-O Rd8 18. b3 Bf8 19. Rab1 c6 20. Nbc3 Rc8 21. a3 Qc7 22. Rfc1
a4 23. Bxc5 dxc5 24. bxa4 Rcb8 25. Rb2 Bc8 26. Ng3 Qa5 27. Rcb1 cxd5 28. exd5
Ra6 29. Qd3+ Kg8 30. Nge4 Qd8 31. Rb5 Qc7 32. R1b2 Qd8 33. Qc2 Rba8 34. Kg2 f5
35. gxf5 Qe8 36. Rb6 Be7 37. d6 Bd8 38. Rxa6 Rxa6 39. Nxc5 Rxd6 40. N3e4 Rd4 41.
Nb3 Rd7 42. c5 Qf7 43. Ng3 Bc7 44. Nd2 e4 45. Ndxe4 Be5 46. Rb6 Rd5 47. Rg6+ Kf8
48. Nd6 Qc7 49. Nde4 Bd7 50. Qa2 Bc6 51. f6 Bd6 52. cxd6 Qa5 53. Qe2 Re5 54. Qc4
Bd5 55. Qc8+ Re8 56. d7 Rd8 57. Rxh6 Bxe4 58. Nxe4 Qa8 59. Qxa8 Rxa8 60. Rh8+
Kf7 61. Rxa8 1-0

[Event "I Miedzynarodowy Memorial Ireny Warakomskiej - Open A"]
[Site "Suwalki"]
[Date "2017-08-17"]
[Round "8.1"]
[White "Bartel, Mateusz"]
[Black "Barski, Radoslaw "]
[Result "1/2-1/2"]
[WhiteTitle ""]
[BlackTitle ""]
[WhiteElo "2608"]
[BlackElo "2444"]

1. e4 e5 2. Nf3 Nc6 3. d4 exd4 4. Nxd4 Bc5 5. Be3 Qf6 6. c3 Nge7 7. Bc4 Qg6 8.
O-O Ne5 9. Be2 d6 10. f3 Bh3 11. Rf2 O-O-O 12. Nd2 d5 13. Nf5 dxe4 14. fxe4 Nxf5
15. Bxc5 Nh4 16. g3 Qg5 17. Bd4 Nhg6 18. b4 h5 19. Qc1 Bg4 20. Nc4 Qxc1+ 21. Rxc1
f6 22. Nxe5 Nxe5 23. Bxe5 fxe5 24. Bxg4+ hxg4 25. Rcc2 Rd1+ 26. Kg2 Re1 27. Rf7
Rxe4 28. Rxg7 Rd8 29. Rf2 b5 30. h3 gxh3+ 31. Kxh3 Rd3 32. Rg4 Ree3 33. Rg8+ Kb7
34. Kh4 Rxc3 35. g4 Rc4 36. Kg5 e4 37. Rg2 1/2-1/2

[Event "I Miedzynarodowy Memorial Ireny Warakomskiej - Open A"]
[Site "Suwalki"]
[Date "2017-08-17"]
[Round "8.2"]
[White "Tomczak, Jacek "]
[Black "Kveinys, Aloyzas "]
[Result "0-1"]
[WhiteTitle ""]
[BlackTitle ""]
[WhiteElo "2598"]
[BlackElo "2548"]

1. e4 c5 2. Nf3 Nc6 3. d4 cxd4 4. Nxd4 g6 5. c4 Bg7 6. Be3 Nf6 7. Nc3 d6 8. Be2
O-O 9. O-O Bd7 10. Nc2 Be6 11. Rc1 Nd7 12. Na3 Nc5 13. f3 a6 14. Qd2 Qa5 15. Rfd1
Rfc8 16. Bf1 Rab8 17. Qf2 Nb4 18. Nd5 Bxd5 19. cxd5 b5 20. Qd2 Qa4 21. Ra1 Ncd3
22. Rab1 Nxb2 23. Rxb2 Bc3 24. Qc1 Bxb2 25. Qxb2 Qxd1 26. Qxb4 Qa1 27. Bd4 a5
28. Qd2 Qc1 29. Qd3 b4 30. Nc4 a4 31. Bb2 Qe1 32. Qd4 f6 33. Qa7 a3 34. Bd4 Qd1
35. Be3 Re8 36. Nxd6 Ra8 37. Qb7 exd6 38. Qxb4 Qa1 39. Qxd6 Rab8 40. Qxa3 Rb1
41. Qa6 Reb8 42. Kf2 Rxf1+ 43. Kg3 Qe1+ 44. Kh3 Qxe3 0-1

[Event "I Miedzynarodowy Memorial Ireny Warakomskiej - Open A"]
[Site "Suwalki"]
[Date "2017-08-17"]
[Round "8.3"]
[White "Kaczmarek, Aleksander"]
[Black "Mastrovasilis, Dimitrios "]
[Result "1-0"]
[WhiteTitle ""]
[BlackTitle ""]
[WhiteElo "2368"]
[BlackElo "2596"]

1. e4 c5 2. Nf3 e6 3. d4 cxd4 4. Nxd4 Nc6 5. Nc3 Qc7 6. Nb3 a6 7. f4 b5 8. Bd3
d6 9. O-O Nf6 10. Qf3 Bb7 11. Bd2 Be7 12. Kh1 O-O 13. Rae1 Nb4 14. Nxb5 axb5 15.
Bxb4 Rxa2 16. Qh3 d5 17. e5 Ne4 18. Bc3 g6 19. Bd4 b4 20. Qe3 Rc8 21. Rf3 Nc5
22. Nxc5 Bxc5 23. f5 Bxd4 24. Qxd4 exf5 25. Bxf5 Qc4 26. Qd2 Re8 27. Bd7 Re7 28.
e6 fxe6 29. Bxe6+ Kg7 30. Qf2 Ra6 31. b3 Raxe6 32. Rxe6 1-0

[Event "I Miedzynarodowy Memorial Ireny Warakomskiej - Open A"]
[Site "Suwalki"]
[Date "2017-08-17"]
[Round "8.4"]
[White "Sadzikowski, Daniel"]
[Black "Ulybin, Mikhail"]
[Result "1/2-1/2"]
[WhiteTitle ""]
[BlackTitle ""]
[WhiteElo "2594"]
[BlackElo "2518"]

1. Nf3 Nf6 2. d4 d5 3. c4 c5 4. dxc5 e6 5. a3 Bxc5 6. e3 dxc4 7. Qxd8+ Kxd8 8.
Ne5 Ke7 9. Nxc4 b5 10. Na5 Bd7 11. Nd2 Bb6 12. Ndb3 Na6 13. Bd3 e5 14. Bd2 e4
15. Be2 Nd5 16. O-O Rac8 17. Rac1 Nc5 18. Nxc5 Bxc5 19. Rc2 Bb6 20. Rfc1 a6 21.
a4 Rxc2 22. Rxc2 bxa4 23. Bxa6 Bxa5 24. Bxa5 Ra8 25. Rc5 Kd6 26. Rxd5+ Kxd5 27.
Bb7+ Bc6 28. Bxa8 Bxa8 29. Bc3 1/2-1/2

[Event "I Miedzynarodowy Memorial Ireny Warakomskiej - Open A"]
[Site "Suwalki"]
[Date "2017-08-17"]
[Round "8.5"]
[White "Zylka, Stanislaw "]
[Black "Czarnota, Pawel"]
[Result "1/2-1/2"]
[WhiteTitle ""]
[BlackTitle ""]
[WhiteElo "2368"]
[BlackElo "2577"]

1. d4 Nf6 2. Nf3 g6 3. g3 Bg7 4. Bg2 O-O 5. O-O d6 6. Nc3 Nbd7 7. e4 e5 8. Re1
Re8 9. h3 a6 10. a4 exd4 11. Nxd4 Nc5 12. a5 Bd7 13. Kh2 Rb8 14. b3 Ne6 15. Nde2
h5 16. Be3 h4 17. g4 g5 18. Qd2 Nh7 19. Rad1 Be5+ 20. Kg1 Nhf8 21. f4 gxf4 22.
Nxf4 Nxf4 23. Bxf4 Ng6 24. Be3 Bc6 25. Rf1 Qe7 26. Rf5 Qf8 27. Rdf1 Qg7 28. Ne2
Bd7 1/2-1/2

[Event "I Miedzynarodowy Memorial Ireny Warakomskiej - Open A"]
[Site "Suwalki"]
[Date "2017-08-17"]
[Round "8.6"]
[White "Sandipan, Chanda "]
[Black "Bilguun, Sumiya"]
[Result "1/2-1/2"]
[WhiteTitle ""]
[BlackTitle ""]
[WhiteElo "2568"]
[BlackElo "2443"]

1. g3 d5 2. d3 e5 3. Nf3 Nc6 4. Bg2 Nf6 5. O-O Bd6 6. Nbd2 O-O 7. e4 dxe4 8. dxe4
Be6 9. c3 Qd7 10. Qe2 Bh3 11. Nc4 Bxg2 12. Kxg2 Qe6 13. Nh4 Rfd8 14. Bg5 h6 15.
Bxf6 Qxf6 16. Nf5 Bf8 17. b4 Qe6 18. a4 a5 19. b5 Nb8 20. Nfe3 Nd7 21. Nd5 Rdc8
22. Rad1 Bc5 23. f4 exf4 24. Nxf4 Qe7 25. e5 Nf8 26. Qf3 b6 27. Qc6 Rd8 28. h4
Rxd1 29. Rxd1 Rd8 30. Rxd8 Qxd8 31. Qd5 Qxd5+ 32. Nxd5 Ne6 33. Nf4 Be7 34. Nxe6
fxe6 35. h5 Bc5 36. Kf3 Kf7 37. g4 g5 38. Nd2 Bg1 39. Ke4 Bf2 40. Nf3 Ke7 41.
Kd3 Kf7 42. Ke2 Bc5 43. Nd2 Bg1 44. Kd3 Ke7 45. Nb3 Bf2 46. Nc1 Bg3 47. Kd4 Bf2+
48. Kc4 Bg3 49. Nd3 Bh2 50. Kd4 Bg1+ 51. Ke4 Kf7 52. Ne1 Bf2 53. Nf3 Ke7 54. Nd4
Kf7 55. Kf3 Bg1 56. Ne2 Bc5 57. Ng3 Bg1 58. Ne2 Bc5 59. Nd4 Ke7 60. Ke3 Kf7 61.
Ke4 Ke7 62. Kd3 Kd7 63. Kc4 Bf8 64. Nb3 Ba3 65. Kd4 Bb2 66. Nd2 Ke7 67. Ne4 Kf7
68. Nf2 Ba3 69. Nd3 Be7 70. c4 Ke8 71. c5 Kd7 72. Kc4 Bf8 73. c6+ Ke8 74. Nf2
Be7 75. Ne4 Bd8 76. Kd3 Be7 77. Kd4 Bd8 78. Nd2 Be7 79. Nb3 Bd8 80. Ke4 Be7 81.
Nd4 Kf7 82. Nc2 Ke8 83. Ne3 Bd8 84. Nc4 1/2-1/2

[Event "I Miedzynarodowy Memorial Ireny Warakomskiej - Open A"]
[Site "Suwalki"]
[Date "2017-08-17"]
[Round "8.7"]
[White "Cukrowski, Filip "]
[Black "Markowski, Tomasz"]
[Result "0-1"]
[WhiteTitle ""]
[BlackTitle ""]
[WhiteElo "2413"]
[BlackElo "2552"]

1. e4 e6 2. d4 d5 3. Nd2 c5 4. exd5 exd5 5. Ngf3 Nf6 6. Be2 Nc6 7. O-O cxd4 8.
Nb3 Bd6 9. Nbxd4 O-O 10. Bg5 h6 11. Bh4 Re8 12. Re1 Bc5 13. Nb3 Bb6 14. c4 g5
15. c5 Bc7 16. Bg3 Bxg3 17. hxg3 Ne4 18. Nfd4 Qf6 19. Bf3 Bd7 20. Rc1 Re5 21.
Nxc6 Bxc6 22. Qd4 Kg7 23. Nd2 Re6 24. Qxf6+ Nxf6 25. Rxe6 fxe6 26. Be2 e5 27.
b4 d4 28. b5 Bd5 29. f3 Rc8 30. Nb3 Kf7 31. Kf2 Nd7 32. Bc4 Ke6 33. Bd3 Kf6 34.
Bc4 Nxc5 35. Ke2 Na4 36. Bxd5 Rxc1 37. Nxc1 Nc3+ 38. Kd3 Nxd5 39. Nb3 b6 40. a4
h5 41. a5 h4 42. axb6 axb6 43. Nd2 Kf5 44. gxh4 gxh4 45. Ke2 Nc3+ 46. Kf2 e4 0-1

[Event "I Miedzynarodowy Memorial Ireny Warakomskiej - Open A"]
[Site "Suwalki"]
[Date "2017-08-17"]
[Round "8.8"]
[White "Gleizerov, Evgeny"]
[Black "Warakomski, Tomasz "]
[Result "1/2-1/2"]
[WhiteTitle ""]
[BlackTitle ""]
[WhiteElo "2519"]
[BlackElo "2536"]

1. d4 d5 2. c4 c6 3. Nf3 Nf6 4. Nc3 dxc4 5. a4 e6 6. e3 c5 7. Bxc4 Nc6 8. O-O Be7
9. Qe2 cxd4 10. Rd1 O-O 11. Nxd4 Qa5 12. Bd2 Nxd4 13. exd4 Bb4 14. d5 Re8 15.
dxe6 Bxe6 16. Bxe6 Rxe6 17. Qb5 Qxb5 1/2-1/2

[Event "I Miedzynarodowy Memorial Ireny Warakomskiej - Open A"]
[Site "Suwalki"]
[Date "2017-08-17"]
[Round "8.9"]
[White "Mihok, Oliver"]
[Black "Mulet, Piotr "]
[Result "1-0"]
[WhiteTitle ""]
[BlackTitle ""]
[WhiteElo "2534"]
[BlackElo "2295"]

1. e4 e6 2. d4 d5 3. Nc3 Nf6 4. Bg5 Bb4 5. e5 h6 6. Bc1 Ne4 7. Qg4 g6 8. Nge2 c5
9. a3 Bxc3+ 10. bxc3 cxd4 11. cxd4 Qa5+ 12. c3 Bd7 13. f3 Bb5 14. fxe4 Bxe2 15.
Bxe2 Qxc3+ 16. Kf2 Qxa1 17. exd5 Qa2 18. dxe6 Qxe6 19. Qf3 Nd7 20. Qxb7 Rb8 21.
Qxa7 Qf5+ 22. Bf3 g5 23. h3 h5 24. Qc7 O-O 25. g4 Qe6 26. Qc2 f5 27. gxh5 Rfc8
28. Qd2 f4 29. Rg1 Qxh3 30. Qxf4 Rc2+ 31. Bd2 Rxd2+ 32. Qxd2 Qh4+ 33. Ke2 Kh8
34. Rxg5 Nxe5 35. dxe5 Qc4+ 36. Kf2 Rb2 37. Rg8+ Kxg8 38. Qxb2 Qh4+ 39. Kg1 Kh8
1-0

[Event "I Miedzynarodowy Memorial Ireny Warakomskiej - Open A"]
[Site "Suwalki"]
[Date "2017-08-17"]
[Round "8.10"]
[White "Kanarek, Marcel"]
[Black "Bednarek, Sylwester"]
[Result "1-0"]
[WhiteTitle ""]
[BlackTitle ""]
[WhiteElo "2530"]
[BlackElo "2308"]

1. d4 d5 2. c4 c6 3. Nc3 Nf6 4. Nf3 a6 5. a4 e6 6. e3 a5 7. Be2 Bd6 8. O-O O-O
9. Ne5 b6 10. f4 Ba6 11. b3 Bb4 12. Bb2 Ra7 13. Qc2 Qc8 14. Bd3 g6 15. Rf3 Nbd7
16. Raf1 Ne8 17. g4 f5 18. gxf5 Nxe5 19. fxe5 gxf5 20. Rg3+ Rg7 21. Ne2 Rxg3+
22. hxg3 Ng7 23. Nf4 Qd8 24. Qh2 Qg5 25. Kf2 h6 26. Rh1 Kh7 27. g4 dxc4 28. bxc4
Be7 29. gxf5 Nxf5 30. Rg1 Qh4+ 31. Qxh4 Bxh4+ 32. Ke2 Bc8 33. d5 cxd5 34. cxd5
Bg5 35. Ba3 Bxf4 36. Bxf8 Bxe5 37. d6 Bd7 38. Bxf5+ exf5 39. Rb1 h5 40. Rxb6 Kg8
41. Rb7 Bxa4 42. d7 Bxd7 43. Rxd7 Kxf8 44. Rd5 Bc3 45. Kd3 Bb4 46. Rxf5+ Ke7 47.
Rxh5 Ke6 48. Rb5 Kd6 49. Kc4 Ke6 50. Kd4 Kd6 51. e4 Kc6 52. Kc4 Kd6 53. Rd5+ Ke6
54. Kd3 Kf6 55. Rb5 Ke6 56. Kd4 Kd6 57. e5+ Kc6 58. Kc4 Be1 59. Rc5+ Kd7 60. Kd5
Bb4 61. Rc6 Be1 62. Rd6+ Ke7 63. Ra6 Bb4 64. Ra7+ Kd8 65. Ke6 Kc8 66. Kf7 Kb8
67. Rd7 a4 68. e6 1-0

[Event "I Miedzynarodowy Memorial Ireny Warakomskiej - Open A"]
[Site "Suwalki"]
[Date "2017-08-17"]
[Round "8.11"]
[White "Vetoshko, Volodymyr"]
[Black "Leniart, Arkadiusz "]
[Result "1-0"]
[WhiteTitle ""]
[BlackTitle ""]
[WhiteElo "2517"]
[BlackElo "2480"]

1. e4 e5 2. Nf3 Nc6 3. d4 exd4 4. Nxd4 Bc5 5. Nxc6 Qf6 6. Qf3 Qxf3 7. gxf3 bxc6
8. Nd2 Ne7 9. Nb3 Bb6 10. a4 a5 11. Be3 Bxe3 12. fxe3 d6 13. O-O-O O-O 14. Rg1
h6 15. f4 Re8 16. f5 Kf8 17. Bd3 Ng8 18. Rd2 Nf6 19. Rdg2 Nxe4 20. Bxe4 Rxe4 21.
Rxg7 Ke7 22. Rg8 Rxa4 23. f6+ Kxf6 24. Rf8 Be6 25. Rf1+ Ke5 26. Rxa8 Bxb3 27.
Re8+ Be6 28. Rxf7 Rg4 29. Rfe7 Rg6 30. Rxc7 Kd5 31. Rce7 Rg1+ 32. Kd2 Bg4 33.
Kc3 Re1 34. Rf8 h5 35. Rf2 Kc5 36. b3 d5 37. Kb2 Kb6 38. Re5 Kc5 39. Re8 Kb6 40.
Kc3 Kc5 41. Ra8 Rxe3+ 42. Kd2 Re7 43. Rxa5+ Kb6 44. Ra1 Kc5 45. Re1 Rg7 46. Re3
Rg6 47. Rf4 Kd6 48. Rg3 Ke5 49. Rf8 h4 50. Re3+ Kd6 51. Rh8 d4 52. Rd3 Bf5 53.
Rxd4+ Ke5 54. Rhxh4 Rg2+ 55. Ke3 Rxc2 56. Rc4 Rb2 57. Rc5+ Kf6 58. Rc3 Be6 59.
b4 Bd5 60. Rf4+ Ke5 61. Rh4 Kf6 62. Rd3 Kg5 63. Rdd4 Rb3+ 64. Kd2 Rb2+ 65. Kc3
Rb3+ 66. Kc2 Ra3 67. Rh8 Kf5 68. Rd2 Ke5 69. Re8+ Kf5 70. Re1 Rf3 71. Rg1 Rf4
72. Re1 Rxb4 73. Rf2+ Kg4 74. Rg1+ Kh4 75. Rf8 Kh3 76. Rh8+ Rh4 77. Rxh4+ Kxh4
78. Rg3 c5 79. Kd3 Kh5 80. Ke3 c4 81. Kf4 Bc6 82. Rg5+ Kh6 83. Rc5 Ba4 84. Rxc4
Bb3 85. Rc6+ Kg7 86. Kg5 Bd5 87. Rc7+ Kg8 88. Kh6 Kh8 89. Rh7+ Kg8 90. Rd7 Be4
91. Rd8+ Kf7 92. Rd7+ Kf8 93. Rg7 Bd3 94. Rg1 Kf7 95. Rg3 Bc2 96. Kh5 Bd1+ 97.
Kh6 Bc2 98. Rg5 Kf6 99. Rc5 Bf5 100. Rc4 1-0